000 00616nam a22002177a 4500
003 Ost
005 20260225074912.0
008 260225b |||||||| |||| 00| 0 eng d
020 _a9789811020513
040 _cBT-PhCST
050 _a25614-25615
082 _222
_a333.91
_bKOL
100 _aKolokytha, Elpida.
245 _aSustainable water resources planning and management under climate change /
260 _aSingapore :
_bSpringer,
_cc2017.
300 _aviii, 303 p. :
_bill. ;
_c27 cm.
500 _aIncludes index
700 _aOishi, Satoru.
700 _aTeegavarapu, Ramesh S.V,
942 _2ddc
_cWRE
999 _c10135
_d10135